- Gutiérrez Nájera, Manuel,
Entry Nombre Personal
001 - NUMERO DE CONTROL
- campo de control: 28399
003 - IDENTIFICADOR DE NUMERO DE CONTROL
- campo de control: DLC
005 - FECHA Y HORA DE LA ÜLTIMA TRANSACCIÓN
- campo de control: 20231013145608.0
008 - DATOS DE LONGITUD FIJA
- campo de control de longitud fija: 800310n| azannaabn |a aaa
010 ## - NÚMERO DE CONTROL DE LA BIBLIOTECA DEL CONGRESO
- Número de control LC: n 79144723
035 ## - NUMERO DE CONTROL
- Número de control: (OCoLC)oca00375870
040 ## - FUENTE DE CATALOGACIÓN
- Agencia original de catalogación: DLC
- Lenguaje de catalogación: spa
- Description conventions: rda
- Agencia de transcripción: DLC
- Agencia que lo modifica: DLC
- Agencia que lo modifica: OCoLC
- Agencia que lo modifica: UPB
- Agencia que lo modifica: OCoLC
- Agencia que lo modifica: MX-MxUPN
046 ## - FECHAS CON CODIFICACIÓN ESPECIAL
- Fecha de nacimiento: 1859-12-22
- Fecha de muerte: 1895-02-03
- Fuente del formato de fecha: edtf
053 #0 - NÚMERO DE CLASIFICACIÓN LC
- Número de clasificación elemento-número único o número inicial de tramo: PQ7297.G8
100 1# - ENCABEZAMIENTO - NOMBRE PERSONAL
- Nombre personal: Gutiérrez Nájera, Manuel,
- Fechas asociadas con el nombre: 1859-1895
370 ## - LUGAR ASOCIADO
- Place of birth: Ciudad de México
374 ## - OCUPACIÓN
- Occupation: Escritor
377 ## - LENGUA ASOCIADA
- Language code: spa
400 0# - VEÁSE - NOMBRE DE PERSONA
- Personal name: Crysantema,
- Dates associated with a name: 1859-1895
400 0# - VEÁSE - NOMBRE DE PERSONA
- Personal name: Duque Job,
- Dates associated with a name: 1859-1895
400 0# - VEÁSE - NOMBRE DE PERSONA
- Personal name: Recamier,
- Dates associated with a name: 1859-1895
670 ## - FUENTE EN LA QUE SE LOCALIZARON DATOS
- Cita de la fuente: Marfil, seda y oro, 2014:
- Información localizada: portada (Manuel Gutiérrez Nájera) página 485 (nació el 22 de diciembre de 1859 en la Ciudad de México) página 501 (murió el 3 de febrero de 1895)
670 ## - FUENTE EN LA QUE SE LOCALIZARON DATOS
- Cita de la fuente: Cuentos completos y otras narraciones, 1983:
- Información localizada: portada (Manuel Gutiérrez Nájera)
902 ## - CATALOGADOR
- Catalogador: Víctor Ruiz/131023
